| 000 | 00701nam a22002411c 4500 | ||
|---|---|---|---|
| 001 | a987696118 | ||
| 008 | 191118s1995 gw |||| 000u rus d | ||
| 020 |
_a5343017436 _95-343-01743-6 |
||
| 041 | _arus | ||
| 100 | 1 | _aSolov'ev, Aleksej Konstantinovič | |
| 245 | 0 | 0 | _aBelorusskaja Central'naja Rada: sozdanie, dejatel'nost, krach |
| 250 | _aNaučnoe izdanie | ||
| 264 |
_aMinsk : _bNavuka i technika, _c1995 |
||
| 300 | _a174 Seiten | ||
| 610 | 0 | _aByelorussian Central Council | |
| 650 | 0 | _aWeltkrieg <1939-1945> | |
| 650 | 0 | _aBesatzungsbehörde | |
| 651 | 0 | _aWeißrussische SSR | |
| 700 | 1 |
_aSimonov, S. M. _eHerausgeberIn |
|
| 942 | _cMG | ||
| 040 | _cRU-10907106 | ||
| 003 | RU-10907106 | ||
| 999 |
_c29280 _d29280 |
||